Finish the Pick-Up Line Quiz Stats

 Plays Quiz Updated Jun 21, 2018

Score 0/20 Timer 05:00
0 Plays Today
% Correct
I'd spend all 9 lives with you.
94.5%
Can I have yours?
93.7%
Because I find you a-peeling.
93%
You'd be a cute-cumber.
92.8%
Because whenever I look at you, everyone else disappears!
92.7%
Because I just scraped my knee falling for you.
92.2%
Because you meet all my koala-fications!
91.6%
Because you have fine written all over you.
91.6%
Because I have this funny feeling in my stomach that I should take you out.
90.7%
Because every time I look at you, I smile.
90.6%
% Correct
Because my mom told me to always follow my dreams.
89.7%
Because you seem Wright for me!
89.7%
Because daaaaaaam.
89.3%
Because you're a keeper!
88.6%
Because you look like a hot-tea!
88.1%
I don't want you falling for anyone else.
87.4%
Because you've got my interest.
87%
Because I like you a latte
87%
But do you mind if I check you out anyway?
85.9%
Or are you always this hot?
80.7%

You're not logged in!

Compare scores with friends on all Sporcle quizzes.
OR
Log In

Sporcle TV

Today on Sporcle TV


Watch our educational content, quiz creation guides, and fun videos on Sporcle TV.

Show Comments

Extras

Top Quizzes Today


Score Distribution

Your Account Isn't Verified!

In order to create a playlist on Sporcle, you need to verify the email address you used during registration. Go to your Sporcle Settings to finish the process.

Report this User

Report this user for behavior that violates our Community Guidelines.

Details: